[Event "Najdorf Memorial"]
[Site "Warsaw POL"]
[Date "2021.07.18"]
[Round "9.21"]
[White "Zochowski, Kacper"]
[Black "Derylo, Kamil"]
[Result "0-1"]
[WhiteElo "2262"]
[BlackElo "2062"]
[EventDate "????.??.??"]
[PlyCount "68"]
[LiveChessVersion "1.4.8"]

1.Nf3 {[%clk 1:17:53]} 1...d5 {[%clk 1:30:42]} 2.c4 {[%clk 1:18:15]} 2...e6
{[%clk 1:31:01]} 3.g3 {[%clk 1:18:32]} 3...Nf6 {[%clk 1:31:21]} 4.Bg2 {[%clk
1:17:56]} 4...dxc4 {[%clk 1:31:43]} 5.Qa4+ {[%clk 1:18:20]} 5...Bd7 {[%clk
1:32:05]} 6.Qxc4 {[%clk 1:18:28]} 6...c5 {[%clk 1:32:29]} 7.Nc3 {[%clk 1:10:03]}
7...Bc6 {[%clk 1:32:20]} 8.e4 {[%clk 0:58:55]} 8...a6 {[%clk 1:28:58]} 9.Qe2
{[%clk 0:55:53]} 9...b5 {[%clk 1:24:39]} 10.d3 {[%clk 0:52:59]} 10...b4 {[%clk
1:19:40]} 11.Nd1 {[%clk 0:29:17]} 11...Bb5 {[%clk 1:16:24]} 12.Ne5 {[%clk
0:28:36]} 12...Nfd7 {[%clk 1:03:07]} 13.Nc4 {[%clk 0:23:31]} 13...Nc6 {[%clk
1:03:14]} 14.f4 {[%clk 0:14:25]} 14...Nb6 {[%clk 0:54:54]} 15.Nde3 {[%clk
0:13:21]} 15...Ra7 {[%clk 0:53:42]} 16.Nxb6 {[%clk 0:06:09]} 16...Qxb6 {[%clk
0:54:09]} 17.Nc4 {[%clk 0:06:16]} 17...Bxc4 18.dxc4 {[%clk 0:06:45]} 18...Nd4
{[%clk 0:51:36]} 19.Qd1 {[%clk 0:05:02]} 19...b3 {[%clk 0:51:24]} 20.axb3
{[%clk 0:04:22]} 20...Rd7 {[%clk 0:49:53]} 21.Ra4 {[%clk 0:03:04]} 21...Nxb3
{[%clk 0:44:15]} 22.Qc2 {[%clk 0:03:29]} 22...Nd4 {[%clk 0:43:00]} 23.Qc3
{[%clk 0:02:43]} 23...Be7 {[%clk 0:41:54]} 24.Kf2 {[%clk 0:02:38]} 24...O-O
{[%clk 0:41:40]} 25.Be3 {[%clk 0:02:32]} 25...e5 {[%clk 0:34:38]} 26.Rha1
{[%clk 0:02:47]} 26...Ra7 {[%clk 0:33:35]} 27.fxe5 {[%clk 0:02:45]} 27...f6
{[%clk 0:34:04]} 28.e6 {[%clk 0:02:49]} 28...Rd8 {[%clk 0:23:15]} 29.e5 {[%clk
0:02:05]} 29...Qxe6 {[%clk 0:21:51]} 30.Bxd4 {[%clk 0:01:11]} 30...cxd4 {[%clk
0:18:36]} 31.Bd5 {[%clk 0:00:40]} 31...Qxd5 {[%clk 0:17:37]} 32.cxd5 {[%clk
0:00:53]} 32...dxc3 {[%clk 0:18:04]} 33.d6 {[%clk 0:00:55]} 33...Bf8 {[%clk
0:17:56]} 34.bxc3 {[%clk 0:00:56]} 34...fxe5 {[%clk 0:18:04]} 0-1

[Event "Najdorf Memorial"]
[Site "Warsaw POL"]
[Date "2021.07.18"]
[Round "9.22"]
[White "Chomczyk, Marek"]
[Black "Baum, Jonasz"]
[Result "0-1"]
[WhiteElo "2194"]
[BlackElo "2260"]
[EventDate "????.??.??"]
[PlyCount "86"]
[LiveChessVersion "1.4.8"]

1.e4 {[%clk 1:30:55]} 1...c5 {[%clk 1:30:49]} 2.Nc3 {[%clk 1:31:13]} 2...a6
{[%clk 1:30:40]} 3.g3 {[%clk 1:31:24]} 3...b5 {[%clk 1:30:54]} 4.Bg2 {[%clk
1:31:43]} 4...Bb7 {[%clk 1:31:17]} 5.Nge2 {[%clk 1:32:05]} 5...Nf6 {[%clk
1:24:30]} 6.Nd5 {[%clk 1:32:26]} 6...e5 {[%clk 1:13:18]} 7.O-O {[%clk 1:29:38]}
7...d6 {[%clk 1:08:16]} 8.Nxf6+ {[%clk 1:26:18]} 8...Qxf6 {[%clk 1:08:38]} 9.f4
{[%clk 1:26:38]} 9...Qd8 {[%clk 1:01:58]} 10.c3 {[%clk 1:24:35]} 10...Be7
{[%clk 0:55:30]} 11.d4 {[%clk 1:24:39]} 11...exd4 {[%clk 0:55:18]} 12.cxd4
{[%clk 1:24:48]} 12...O-O {[%clk 0:55:11]} 13.d5 {[%clk 1:17:19]} 13...Bf6
{[%clk 0:53:08]} 14.Rb1 {[%clk 1:06:32]} 14...b4 {[%clk 0:48:46]} 15.Be3 {[%clk
1:04:39]} 15...Nd7 {[%clk 0:47:09]} 16.g4 {[%clk 1:01:18]} 16...Qa5 {[%clk
0:37:11]} 17.a3 {[%clk 0:57:36]} 17...Nb6 {[%clk 0:29:20]} 18.Qc2 {[%clk
0:54:08]} 18...Rfe8 {[%clk 0:26:39]} 19.g5 {[%clk 0:49:34]} 19...Bd8 {[%clk
0:26:25]} 20.Bf2 {[%clk 0:49:32]} 20...Qb5 {[%clk 0:25:12]} 21.Ng3 {[%clk
0:47:09]} 21...g6 {[%clk 0:24:04]} 22.h4 {[%clk 0:44:52]} 22...b3 {[%clk
0:20:07]} 23.Qc3 {[%clk 0:44:33]} 23...Na4 {[%clk 0:18:20]} 24.Qf3 {[%clk
0:44:37]} 24...Bb6 {[%clk 0:16:45]} 25.f5 {[%clk 0:40:27]} 25...Rf8 {[%clk
0:15:59]} 26.h5 {[%clk 0:36:05]} 26...c4 {[%clk 0:15:01]} 27.Kh2 {[%clk
0:35:20]} 27...Bxf2 {[%clk 0:14:07]} 28.Rxf2 {[%clk 0:35:37]} 28...Qe8 {[%clk
0:12:02]} 29.Nf1 {[%clk 0:15:32]} 29...Qe5+ {[%clk 0:05:21]} 30.Kh1 {[%clk
0:15:57]} 30...gxf5 {[%clk 0:04:27]} 31.exf5 {[%clk 0:12:41]} 31...Rae8 32.Nd2
{[%clk 0:12:06]} 32...Nb6 {[%clk 0:05:10]} 33.Qg4 {[%clk 0:09:20]} 33...Bxd5
{[%clk 0:04:21]} 34.Bxd5 {[%clk 0:09:47]} 34...Qxd5+ {[%clk 0:04:36]} 35.Rg2
{[%clk 0:10:13]} 35...Re5 {[%clk 0:01:23]} 36.g6 {[%clk 0:09:16]} 36...fxg6
{[%clk 0:01:40]} 37.hxg6 {[%clk 0:09:22]} 37...h6 {[%clk 0:01:57]} 38.Nf3
{[%clk 0:07:16]} 38...Rexf5 {[%clk 0:02:02]} 39.g7 {[%clk 0:07:33]} 39...Rh5+
{[%clk 0:01:16]} 40.Nh4 {[%clk 0:30:56]} 40...Rf2 {[%clk 0:31:11]} 41.Rg1
{[%clk 0:27:16]} 41...c3 {[%clk 0:11:31]} 42.Kh2 {[%clk 0:25:25]} 42...Qe5+
{[%clk 0:10:45]} 43.Kh3 {[%clk 0:24:18]} 43...Rf4 {[%clk 0:10:58]} 0-1

[Event "Najdorf Memorial"]
[Site "Warsaw POL"]
[Date "2021.07.18"]
[Round "9.23"]
[White "Jarzebowski, Kacper"]
[Black "Kiolbasa, Oliwia"]
[Result "1/2-1/2"]
[WhiteElo "2110"]
[BlackElo "2255"]
[EventDate "????.??.??"]
[PlyCount "164"]
[LiveChessVersion "1.4.8"]

1.c4 {[%clk 1:30:56]} 1...e6 {[%clk 1:30:43]} 2.Nc3 {[%clk 1:31:21]} 2...d5
{[%clk 1:31:02]} 3.d4 {[%clk 1:31:50]} 3...Nf6 {[%clk 1:31:19]} 4.Bg5 {[%clk
1:32:14]} 4...Nbd7 {[%clk 1:31:11]} 5.e3 {[%clk 1:32:38]} 5...Be7 {[%clk
1:31:26]} 6.Qc2 {[%clk 1:32:58]} 6...h6 {[%clk 1:26:12]} 7.Bh4 {[%clk 1:32:11]}
7...c5 {[%clk 1:21:44]} 8.dxc5 {[%clk 1:30:11]} 8...dxc4 {[%clk 1:13:30]}
9.Bxc4 {[%clk 1:30:25]} 9...Qa5 {[%clk 1:10:00]} 10.Nf3 {[%clk 1:30:21]}
10...O-O {[%clk 1:06:43]} 11.O-O {[%clk 1:27:44]} 11...Qxc5 {[%clk 1:03:55]}
12.Qe2 {[%clk 1:24:46]} 12...a6 {[%clk 0:56:15]} 13.Rac1 {[%clk 1:23:40]}
13...b5 {[%clk 0:43:53]} 14.Bb3 {[%clk 1:20:51]} 14...Qb6 {[%clk 0:39:33]}
15.e4 {[%clk 1:09:51]} 15...Re8 {[%clk 0:33:13]} 16.e5 {[%clk 1:07:27]}
16...Nh7 {[%clk 0:32:47]} 17.Bc2 {[%clk 1:04:28]} 17...Nhf8 {[%clk 0:31:41]}
18.Bxe7 {[%clk 0:55:38]} 18...Rxe7 {[%clk 0:31:53]} 19.Ne4 {[%clk 0:55:40]}
19...Bb7 {[%clk 0:27:47]} 20.Nd6 {[%clk 0:54:36]} 20...Bxf3 {[%clk 0:18:58]}
21.gxf3 {[%clk 0:54:53]} 21...Rd8 {[%clk 0:18:03]} 22.Rfd1 {[%clk 0:51:23]}
22...Nb8 {[%clk 0:17:45]} 23.f4 {[%clk 0:48:06]} 23...Red7 {[%clk 0:14:12]}
24.Qg4 {[%clk 0:44:27]} 24...Nc6 {[%clk 0:12:58]} 25.Qg3 {[%clk 0:40:37]}
25...Ne7 {[%clk 0:10:49]} 26.Kg2 {[%clk 0:39:20]} 26...Nfg6 {[%clk 0:07:50]}
27.h4 {[%clk 0:38:57]} 27...Rxd6 {[%clk 0:04:43]} 28.exd6 {[%clk 0:25:37]}
28...Rxd6 {[%clk 0:05:08]} 29.Be4 {[%clk 0:22:35]} 29...Rd4 {[%clk 0:04:19]}
30.f3 {[%clk 0:09:54]} 30...Qd6 {[%clk 0:04:10]} 31.Rxd4 {[%clk 0:09:22]}
31...Qxd4 {[%clk 0:04:39]} 32.Rc2 {[%clk 0:09:19]} 32...f5 {[%clk 0:03:49]}
33.h5 {[%clk 0:09:01]} 33...Nf8 {[%clk 0:03:34]} 34.Qf2 {[%clk 0:07:20]}
34...Qxf2+ 35.Kxf2 {[%clk 0:07:49]} 35...fxe4 {[%clk 0:03:19]} 36.fxe4 {[%clk
0:08:12]} 36...g6 {[%clk 0:03:19]} 37.Rc7 {[%clk 0:08:21]} 37...Kf7 {[%clk
0:03:40]} 38.hxg6+ {[%clk 0:05:22]} 38...Nxg6 {[%clk 0:04:08]} 39.Kf3 {[%clk
0:05:28]} 39...Ke8 {[%clk 0:02:41]} 40.Ra7 {[%clk 0:34:46]} 40...Nc6 {[%clk
0:31:53]} 41.Rxa6 {[%clk 0:31:37]} 41...Kd7 {[%clk 0:30:35]} 42.Kg4 {[%clk
0:29:43]} 42...Kc7 {[%clk 0:19:10]} 43.f5 {[%clk 0:19:59]} 43...exf5+ {[%clk
0:14:19]} 44.exf5 {[%clk 0:20:18]} 44...Nge5+ {[%clk 0:14:19]} 45.Kh5 {[%clk
0:20:14]} 45...Nf7 {[%clk 0:13:11]} 46.Kg6 {[%clk 0:17:03]} 46...Nce5+ {[%clk
0:10:36]} 47.Kf6 {[%clk 0:16:42]} 47...h5 {[%clk 0:09:15]} 48.Ra3 {[%clk
0:15:59]} 48...Kd6 {[%clk 0:08:27]} 49.Rh3 {[%clk 0:13:33]} 49...Nh6 {[%clk
0:07:33]} 50.Rxh5 {[%clk 0:11:19]} 50...Nhg4+ {[%clk 0:07:58]} 51.Kg5 {[%clk
0:07:35]} 51...Nf2 {[%clk 0:08:02]} 52.Rh6+ {[%clk 0:07:46]} 52...Kd5 {[%clk
0:07:48]} 53.Rb6 {[%clk 0:07:31]} 53...Ne4+ {[%clk 0:06:47]} 54.Kf4 {[%clk
0:06:47]} 54...Nd6 {[%clk 0:06:45]} 55.b3 {[%clk 0:06:06]} 55...Nd3+ {[%clk
0:05:28]} 56.Kg5 {[%clk 0:05:55]} 56...Ke5 {[%clk 0:03:36]} 57.f6 {[%clk
0:05:17]} 57...Ne4+ {[%clk 0:02:35]} 58.Kg6 {[%clk 0:05:11]} 58...Nf4+ {[%clk
0:02:50]} 59.Kf7 {[%clk 0:04:41]} 59...Nd5 {[%clk 0:01:15]} 60.Rxb5 {[%clk
0:04:45]} 60...Nxf6 {[%clk 0:01:41]} 61.a4 {[%clk 0:04:40]} 61...Kd6 {[%clk
0:01:58]} 62.a5 {[%clk 0:03:42]} 62...Kc6 {[%clk 0:01:58]} 63.Rb8 {[%clk
0:03:50]} 63...Nd7 {[%clk 0:01:54]} 64.Rc8+ {[%clk 0:03:41]} 64...Kb7 {[%clk
0:01:57]} 65.Rc1 {[%clk 0:03:34]} 65...Nb4 {[%clk 0:01:33]} 66.Ke6 {[%clk
0:03:20]} 66...Nb8 {[%clk 0:01:27]} 67.Kd6 {[%clk 0:03:19]} 67...Ka6 {[%clk
0:00:58]} 68.Kc7 {[%clk 0:03:24]} 68...Ka7 {[%clk 0:00:51]} 69.Rc4 {[%clk
0:02:52]} 69...N8a6+ {[%clk 0:00:58]} 70.Kd6 {[%clk 0:02:56]} 70...Nd3 {[%clk
0:01:11]} 71.Rg4 {[%clk 0:02:36]} 71...Nab4 {[%clk 0:01:18]} 72.Rg8 {[%clk
0:01:48]} 72...Kb7 {[%clk 0:01:21]} 73.Rg5 {[%clk 0:01:35]} 73...Ka6 {[%clk
0:01:26]} 74.Kc7 {[%clk 0:01:31]} 74...Nc1 {[%clk 0:01:20]} 75.Rg6+ {[%clk
0:00:57]} 75...Kxa5 {[%clk 0:01:36]} 76.Rg5+ {[%clk 0:01:06]} 76...Ka6 {[%clk
0:01:54]} 77.Rg6+ {[%clk 0:01:08]} 77...Kb5 {[%clk 0:01:42]} 78.Rg5+ {[%clk
0:01:20]} 78...Ka6 {[%clk 0:02:07]} 79.Rg3 {[%clk 0:00:45]} 79...Kb5 {[%clk
0:01:54]} 80.Kb7 {[%clk 0:00:56]} 80...Nbd3 {[%clk 0:02:06]} 81.Rxd3 {[%clk
0:01:08]} 81...Nxd3 {[%clk 0:02:31]} 82.b4 {[%clk 0:01:36]} 82...Kxb4 {[%clk
0:02:56]} 1/2-1/2

[Event "Najdorf Memorial"]
[Site "Warsaw POL"]
[Date "2021.07.18"]
[Round "9.24"]
[White "Godzwon, Iwo"]
[Black "Sanz Losada, Victoriano"]
[Result "1-0"]
[WhiteElo "2375"]
[BlackElo "2140"]
[EventDate "????.??.??"]
[PlyCount "63"]
[LiveChessVersion "1.4.8"]

1.e4 {[%clk 1:30:58]} 1...c5 {[%clk 1:27:00]} 2.Nf3 {[%clk 1:31:25]} 2...d6
{[%clk 1:27:23]} 3.d4 {[%clk 1:31:51]} 3...cxd4 {[%clk 1:27:48]} 4.Nxd4 {[%clk
1:32:19]} 4...Nf6 {[%clk 1:28:12]} 5.f3 {[%clk 1:31:21]} 5...Nc6 {[%clk
1:28:28]} 6.c4 {[%clk 1:30:31]} 6...e6 {[%clk 1:28:32]} 7.Nc3 {[%clk 1:30:11]}
7...Be7 {[%clk 1:28:43]} 8.Be3 {[%clk 1:27:37]} 8...O-O {[%clk 1:29:00]} 9.Be2
{[%clk 1:27:13]} 9...a6 {[%clk 1:28:51]} 10.O-O {[%clk 1:27:31]} 10...Qc7
{[%clk 1:28:47]} 11.Rc1 {[%clk 1:25:20]} 11...Ne5 {[%clk 1:28:57]} 12.g4 {[%clk
1:20:50]} 12...h6 {[%clk 1:20:33]} 13.h4 {[%clk 1:08:56]} 13...Nh7 {[%clk
1:17:24]} 14.f4 {[%clk 1:05:14]} 14...Nd7 {[%clk 1:17:12]} 15.g5 {[%clk
0:58:55]} 15...g6 {[%clk 1:07:01]} 16.h5 {[%clk 0:54:38]} 16...e5 {[%clk
1:02:36]} 17.hxg6 {[%clk 0:53:07]} 17...exd4 {[%clk 1:03:00]} 18.gxh7+ {[%clk
0:53:35]} 18...Kxh7 {[%clk 1:03:14]} 19.Qxd4 {[%clk 0:53:13]} 19...hxg5 {[%clk
1:01:12]} 20.Nd5 {[%clk 0:41:13]} 20...Qd8 {[%clk 0:59:56]} 21.Rf2 {[%clk
0:40:14]} 21...f6 {[%clk 0:57:44]} 22.Rh2+ {[%clk 0:38:08]} 22...Kg7 {[%clk
0:52:33]} 23.Rg2 {[%clk 0:36:36]} 23...Ne5 {[%clk 0:38:24]} 24.fxe5 {[%clk
0:36:29]} 24...dxe5 {[%clk 0:38:46]} 25.Qb6 {[%clk 0:36:44]} 25...Rh8 {[%clk
0:38:44]} 26.Qxd8 {[%clk 0:32:33]} 26...Bxd8 {[%clk 0:39:08]} 27.Rh2 {[%clk
0:33:01]} 27...Rxh2 {[%clk 0:38:59]} 28.Kxh2 {[%clk 0:33:28]} 28...Be6 {[%clk
0:39:20]} 29.Kg3 {[%clk 0:33:43]} 29...b5 {[%clk 0:38:52]} 30.Bg4 {[%clk
0:33:46]} 30...Bf7 {[%clk 0:38:41]} 31.c5 {[%clk 0:34:12]} 31...Bg6 {[%clk
0:36:57]} 32.Kf3 {[%clk 0:34:26]} 1-0

[Event "Najdorf Memorial"]
[Site "Warsaw POL"]
[Date "2021.07.18"]
[Round "9.25"]
[White "Reza, Wojciech"]
[Black "Jakubowska, Anna"]
[Result "1/2-1/2"]
[WhiteElo "2304"]
[BlackElo "2073"]
[EventDate "????.??.??"]
[PlyCount "70"]
[LiveChessVersion "1.4.8"]

1.Nf3 {[%clk 1:27:55]} 1...d5 {[%clk 1:30:37]} 2.g3 {[%clk 1:27:36]} 2...Nf6
{[%clk 1:30:43]} 3.Bg2 {[%clk 1:27:50]} 3...Bf5 {[%clk 1:30:53]} 4.c4 {[%clk
1:25:25]} 4...c6 {[%clk 1:30:52]} 5.b3 {[%clk 1:17:14]} 5...h6 {[%clk 1:30:35]}
6.Bb2 {[%clk 1:17:26]} 6...e6 {[%clk 1:29:30]} 7.O-O {[%clk 1:17:38]} 7...Be7
{[%clk 1:28:31]} 8.d3 {[%clk 1:15:18]} 8...O-O {[%clk 1:26:10]} 9.Nbd2 {[%clk
1:15:24]} 9...a5 {[%clk 1:25:26]} 10.a3 {[%clk 1:13:48]} 10...Nbd7 {[%clk
1:20:54]} 11.Rc1 {[%clk 1:08:27]} 11...Re8 {[%clk 1:14:28]} 12.Rc2 {[%clk
1:03:10]} 12...Bh7 {[%clk 1:09:43]} 13.Qa1 {[%clk 1:00:00]} 13...c5 {[%clk
1:04:34]} 14.cxd5 {[%clk 0:45:28]} 14...exd5 {[%clk 1:04:35]} 15.Ne5 {[%clk
0:44:32]} 15...Ra6 {[%clk 0:58:25]} 16.Re1 {[%clk 0:35:17]} 16...Bf8 {[%clk
0:54:41]} 17.Nxd7 {[%clk 0:31:19]} 17...Qxd7 {[%clk 0:55:00]} 18.e4 {[%clk
0:30:07]} 18...dxe4 {[%clk 0:48:32]} 19.dxe4 {[%clk 0:30:01]} 19...Qd3 {[%clk
0:45:22]} 20.Qc1 {[%clk 0:28:17]} 20...Rae6 {[%clk 0:41:00]} 21.f3 {[%clk
0:27:11]} 21...Qd8 {[%clk 0:35:10]} 22.Nc4 {[%clk 0:15:42]} 22...b5 {[%clk
0:31:15]} 23.Ne3 {[%clk 0:14:18]} 23...Qb8 {[%clk 0:28:28]} 24.a4 {[%clk
0:08:12]} 24...c4 {[%clk 0:21:35]} 25.bxc4 {[%clk 0:08:31]} 25...bxa4 {[%clk
0:22:01]} 26.Qa1 {[%clk 0:04:52]} 26...Bc5 {[%clk 0:18:23]} 27.Bd4 {[%clk
0:02:50]} 27...Qa7 {[%clk 0:18:31]} 28.Bxc5 {[%clk 0:01:17]} 28...Qxc5 {[%clk
0:18:45]} 29.Qxa4 {[%clk 0:00:41]} 29...Nxe4 {[%clk 0:16:33]} 30.fxe4 {[%clk
0:00:51]} 30...Bxe4 {[%clk 0:16:53]} 31.Rc3 {[%clk 0:00:45]} 31...Bxg2 {[%clk
0:14:58]} 32.Kxg2 {[%clk 0:01:06]} 32...Rxe3 {[%clk 0:15:20]} 33.Qxe8+ {[%clk
0:00:59]} 33...Rxe8 {[%clk 0:15:47]} 34.Rxe8+ {[%clk 0:01:24]} 34...Kh7 {[%clk
0:16:15]} 35.Ree3 {[%clk 0:01:41]} 35...a4 {[%clk 0:15:50]} 1/2-1/2

[Event "Najdorf Memorial"]
[Site "Warsaw POL"]
[Date "2021.07.18"]
[Round "9.26"]
[White "Liberadzki, Slawomir"]
[Black "Paszewski, Mateusz"]
[Result "1/2-1/2"]
[WhiteElo "2022"]
[BlackElo "2280"]
[EventDate "????.??.??"]
[PlyCount "63"]
[LiveChessVersion "1.4.8"]

1.c4 {[%clk 1:30:59]} 1...c5 {[%clk 1:30:49]} 2.Nc3 {[%clk 1:31:19]} 2...g6
{[%clk 1:31:10]} 3.g3 {[%clk 1:30:04]} 3...Bg7 {[%clk 1:30:44]} 4.Bg2 {[%clk
1:30:29]} 4...Nc6 {[%clk 1:31:06]} 5.e3 {[%clk 1:30:19]} 5...Nh6 {[%clk
1:13:44]} 6.Nge2 {[%clk 1:30:15]} 6...Nf5 {[%clk 1:12:58]} 7.Rb1 {[%clk
1:27:10]} 7...h5 {[%clk 1:05:30]} 8.h3 {[%clk 1:27:25]} 8...b6 {[%clk 0:53:58]}
9.a3 {[%clk 1:24:12]} 9...Bb7 {[%clk 0:53:09]} 10.b4 {[%clk 1:23:48]} 10...Qc8
{[%clk 0:52:50]} 11.O-O {[%clk 1:22:56]} 11...d6 {[%clk 0:48:37]} 12.d3 {[%clk
1:18:59]} 12...O-O {[%clk 0:36:34]} 13.b5 {[%clk 1:16:55]} 13...Ne5 {[%clk
0:35:38]} 14.e4 {[%clk 1:16:58]} 14...Nd4 {[%clk 0:33:42]} 15.f4 {[%clk
1:09:57]} 15...Nd7 {[%clk 0:32:21]} 16.Bb2 {[%clk 1:08:28]} 16...e6 {[%clk
0:29:32]} 17.Kh2 {[%clk 1:03:24]} 17...Qd8 {[%clk 0:27:35]} 18.Nxd4 {[%clk
0:58:10]} 18...cxd4 {[%clk 0:22:45]} 19.Ne2 {[%clk 0:57:57]} 19...e5 {[%clk
0:23:14]} 20.f5 {[%clk 0:56:59]} 20...Bh6 {[%clk 0:17:16]} 21.Bc1 {[%clk
0:56:44]} 21...Bxc1 {[%clk 0:16:55]} 22.Nxc1 {[%clk 0:56:51]} 22...Qg5 {[%clk
0:14:25]} 23.Nb3 {[%clk 0:54:01]} 23...Qh6 {[%clk 0:11:25]} 24.Qc1 {[%clk
0:52:57]} 24...Kh7 {[%clk 0:10:56]} 25.Qxh6+ {[%clk 0:52:33]} 25...Kxh6 {[%clk
0:11:24]} 26.a4 {[%clk 0:52:26]} 26...g5 {[%clk 0:05:59]} 27.Ra1 {[%clk
0:52:08]} 27...f6 {[%clk 0:05:50]} 28.Ra2 {[%clk 0:50:31]} 28...Kg7 {[%clk
0:04:57]} 29.Rfa1 {[%clk 0:50:38]} 29...Kf7 {[%clk 0:04:46]} 30.Bf1 {[%clk
0:48:24]} 30...Ke7 {[%clk 0:03:45]} 31.Be2 {[%clk 0:48:32]} 31...Rh8 {[%clk
0:03:35]} 32.Kg1 {[%clk 0:44:14]} 1/2-1/2

[Event "Najdorf Memorial"]
[Site "Warsaw POL"]
[Date "2021.07.18"]
[Round "9.27"]
[White "Celinski, Kamil"]
[Black "Malicka, Maria"]
[Result "0-1"]
[WhiteElo "1988"]
[BlackElo "2272"]
[EventDate "????.??.??"]
[PlyCount "144"]
[LiveChessVersion "1.4.8"]

1.e4 {[%clk 1:30:53]} 1...c6 {[%clk 1:30:58]} 2.Nc3 {[%clk 1:31:17]} 2...d5
{[%clk 1:31:24]} 3.Nf3 {[%clk 1:31:45]} 3...Bg4 {[%clk 1:31:49]} 4.h3 {[%clk
1:32:10]} 4...Bxf3 {[%clk 1:32:16]} 5.Qxf3 {[%clk 1:32:36]} 5...e6 {[%clk
1:32:40]} 6.d4 {[%clk 1:32:57]} 6...dxe4 {[%clk 1:32:47]} 7.Qxe4 {[%clk
1:33:21]} 7...Nf6 {[%clk 1:33:10]} 8.Qd3 {[%clk 1:33:49]} 8...Na6 {[%clk
1:32:53]} 9.a3 {[%clk 1:32:47]} 9...Qa5 {[%clk 1:33:12]} 10.g3 {[%clk 1:27:56]}
10...O-O-O {[%clk 1:17:24]} 11.Bg2 {[%clk 1:25:04]} 11...Nb4 {[%clk 1:14:45]}
12.Qe2 {[%clk 1:23:49]} 12...Rxd4 {[%clk 1:11:44]} 13.O-O {[%clk 1:23:32]}
13...Rd7 {[%clk 0:59:45]} 14.Rb1 {[%clk 0:50:13]} 14...Nbd5 {[%clk 0:59:13]}
15.Nxd5 {[%clk 0:50:14]} 15...exd5 {[%clk 0:53:07]} 16.b4 {[%clk 0:49:40]}
16...Qc7 {[%clk 0:42:38]} 17.h4 {[%clk 0:49:40]} 17...Kb8 {[%clk 0:41:39]}
18.Bh3 {[%clk 0:49:05]} 18...Rd8 {[%clk 0:41:34]} 19.Rd1 {[%clk 0:38:23]}
19...Bd6 {[%clk 0:40:30]} 20.Be3 {[%clk 0:37:29]} 20...Rhe8 {[%clk 0:31:38]}
21.b5 {[%clk 0:31:43]} 21...Bc5 {[%clk 0:17:26]} 22.bxc6 {[%clk 0:30:01]}
22...b6 {[%clk 0:17:49]} 23.Qf3 {[%clk 0:29:25]} 23...Bxe3 {[%clk 0:18:07]}
24.fxe3 {[%clk 0:29:53]} 24...Qxc6 {[%clk 0:14:02]} 25.Rbc1 {[%clk 0:27:22]}
25...Qc5 {[%clk 0:11:07]} 26.Rd3 {[%clk 0:26:40]} 26...Re4 {[%clk 0:09:46]}
27.Bf5 {[%clk 0:25:54]} 27...Ra4 {[%clk 0:09:56]} 28.Ra1 {[%clk 0:23:08]}
28...Rc4 {[%clk 0:07:22]} 29.Rad1 {[%clk 0:16:47]} 29...Rxc2 {[%clk 0:03:05]}
30.Rxd5 {[%clk 0:13:07]} 30...Nxd5 {[%clk 0:03:16]} 31.Bxc2 {[%clk 0:13:36]}
31...Qxc2 {[%clk 0:03:36]} 32.e4 {[%clk 0:14:02]} 32...Qc5+ {[%clk 0:01:41]}
33.Kh1 {[%clk 0:13:59]} 33...Qc7 {[%clk 0:00:52]} 34.exd5 {[%clk 0:13:08]}
34...Rd6 {[%clk 0:01:01]} 35.Qe3 {[%clk 0:12:13]} 35...Qd7 {[%clk 0:01:10]}
36.Qe5 {[%clk 0:11:58]} 36...f6 {[%clk 0:01:20]} 37.Qf4 {[%clk 0:12:13]}
37...Kb7 {[%clk 0:01:38]} 38.Qf3 {[%clk 0:12:35]} 38...Qe7 {[%clk 0:01:04]}
39.Kg2 {[%clk 0:12:32]} 39...Qe5 {[%clk 0:01:10]} 40.Rd2 {[%clk 0:42:18]}
40...f5 {[%clk 0:30:57]} 41.Kf2 {[%clk 0:42:38]} 41...g6 {[%clk 0:29:15]}
42.Rd1 {[%clk 0:40:39]} 42...h6 {[%clk 0:27:47]} 43.Rd2 {[%clk 0:39:26]}
43...g5 {[%clk 0:25:57]} 44.hxg5 {[%clk 0:38:48]} 44...hxg5 {[%clk 0:26:26]}
45.Kg2 {[%clk 0:37:22]} 45...b5 {[%clk 0:20:59]} 46.Kf2 {[%clk 0:32:12]}
46...Kb6 {[%clk 0:18:30]} 47.Qd3 {[%clk 0:27:39]} 47...Rh6 {[%clk 0:12:57]}
48.d6 {[%clk 0:15:48]} 48...Rh2+ {[%clk 0:13:22]} 49.Kg1 {[%clk 0:16:17]}
49...Rxd2 {[%clk 0:13:43]} 50.Qxd2 {[%clk 0:16:46]} 50...Qxg3+ {[%clk 0:14:05]}
51.Kh1 {[%clk 0:17:13]} 51...Qf4 {[%clk 0:13:56]} 52.Qc3 {[%clk 0:13:37]}
52...Qxd6 {[%clk 0:13:35]} 53.Qe3+ {[%clk 0:14:04]} 53...Qc5 {[%clk 0:12:47]}
54.Qxg5 {[%clk 0:14:11]} 54...Qd5+ {[%clk 0:12:11]} 55.Kh2 {[%clk 0:14:23]}
55...Qe5+ {[%clk 0:11:44]} 56.Kg2 {[%clk 0:14:33]} 56...Qe2+ {[%clk 0:10:04]}
57.Kh1 {[%clk 0:14:57]} 57...Qd1+ {[%clk 0:10:24]} 58.Kh2 {[%clk 0:15:24]}
58...Qc2+ {[%clk 0:10:30]} 59.Kh1 {[%clk 0:15:52]} 59...Qe4+ {[%clk 0:09:50]}
60.Kh2 {[%clk 0:16:16]} 60...Ka5 {[%clk 0:09:24]} 61.Qd2+ {[%clk 0:14:59]}
61...Ka4 {[%clk 0:08:40]} 62.Qb2 {[%clk 0:14:48]} 62...a5 {[%clk 0:08:23]}
63.Kg1 {[%clk 0:14:37]} 63...Qe3+ {[%clk 0:08:12]} 64.Kh1 {[%clk 0:14:48]}
64...Qh3+ {[%clk 0:05:58]} 65.Kg1 {[%clk 0:15:12]} 65...Qb3 {[%clk 0:05:31]}
66.Qd4+ {[%clk 0:15:26]} 66...Kxa3 {[%clk 0:05:42]} 67.Qc5+ {[%clk 0:15:50]}
67...Ka2 {[%clk 0:05:41]} 68.Qf2+ {[%clk 0:15:54]} 68...Qb2 {[%clk 0:06:01]}
69.Qb6 {[%clk 0:16:22]} 69...a4 {[%clk 0:06:09]} 70.Qe6+ {[%clk 0:16:47]}
70...Ka1 {[%clk 0:06:17]} 71.Qd5 {[%clk 0:17:04]} 71...b4 {[%clk 0:06:03]}
72.Qc4 {[%clk 0:17:29]} 72...Qb1+ {[%clk 0:06:20]} 0-1